|
|
|
|
| LEADER |
01885nim a2200457 a 4500 |
| 001 |
000891704 |
| 003 |
CZ BrMZK |
| 005 |
20180219102747.0 |
| 007 |
sd fsngnnmmned |
| 008 |
080403s2008 xr ||n gs cze d |
| 040 |
|
|
|a BOA001
|b cze
|
| 072 |
|
7 |
|a 821-93
|x Literatura pro děti a mládež (beletrie)
|2 Konspekt
|9 26
|
| 072 |
|
7 |
|a 821.162.3-3
|x Česká próza
|2 Konspekt
|9 25
|
| 080 |
|
|
|a 821.162.3-34
|2 MRF
|
| 080 |
|
|
|a (0:82-34)398.21
|2 MRF
|
| 080 |
|
|
|a (086.7.053.2)
|2 MRF
|
| 080 |
|
|
|a (086.76)
|2 MRF
|
| 100 |
1 |
|
|a Němcová, Božena,
|d 1820-1862
|7 jk01083016
|4 aut
|
| 245 |
1 |
0 |
|a Sůl nad zlato
|h [zvukový záznam] /
|c Božena Němcová ; režie Ludmila Kosová
|
| 260 |
|
|
|a Praha :
|b Pražská vydavatelstvá společnost,
|c 2008
|
| 300 |
|
|
|a 1 zvuková deska (43:29 min) :
|b digital, stereo ;
|c 12 cm
|
| 490 |
1 |
|
|a Království pohádek ;
|v 132
|
| 505 |
0 |
0 |
|t Sůl nad zlato --
|t Jeden, dva, tři --
|t Pánbůh dej štěstí, lávko!
|
| 511 |
1 |
|
|a Hrají Růžena Merunková, Anna Bendová, Vasil Fridrich, Miloš Hlavica
|
| 518 |
|
|
|a Nahráno ve studiu "MI 91" v lednu 2008
|
| 580 |
|
|
|a Příl. k čas.: Méďa Pusík 2008/4
|
| 655 |
|
7 |
|a české pohádky
|7 fd133970
|2 czenas
|
| 655 |
|
4 |
|a lidové pohádky
|
| 655 |
|
7 |
|a zvukové záznamy pro děti a mládež
|7 fd186726
|2 czenas
|
| 655 |
|
7 |
|a kompaktní desky
|7 fd201991
|2 czenas
|
| 700 |
1 |
|
|a Kosová, Ludmila
|7 pna2007383939
|4 drt
|
| 700 |
1 |
|
|a Merunková, Růžena,
|d 1940-
|7 jn19990209540
|4 nrt
|
| 700 |
1 |
|
|a Bendová, Anna,
|d 1975-2008
|7 xx0073886
|4 nrt
|
| 700 |
1 |
|
|a Fridrich, Vasil,
|d 1976-
|7 xx0064341
|4 nrt
|
| 700 |
1 |
|
|a Hlavica, Miloš,
|d 1933-2015
|7 jn20000400958
|4 nrt
|
| 787 |
1 |
8 |
|t Méďa Pusík
|
| 830 |
|
0 |
|a Království pohádek
|
| 910 |
|
|
|a BOA001
|b CDA-1203.766
|
| 990 |
|
|
|a AV
|
| 991 |
|
|
|b 200811
|
| 996 |
6 |
|
|b 2610342435
|c CDA-1203.766
|l MZK
|r Sklad / do 24 hodin
|n 0
|p p.v.
|w 000891704
|u 000010
|a 1
|e BOA001
|j MZK50
|s P
|